000
00217 a2200109 4500
020
_a
9781558858329
041
_a
spa
100
_a
Nicolas Kenellos
245
_a
El torneo de Trabalenguas
942
_c
BK
952
_7
1
999
_c
24156
_d
24156